| 000 | 01230nam a22002297a 4500 | ||
|---|---|---|---|
| 001 | 2310 | ||
| 005 | 20231115160031.0 | ||
| 020 | _a9780756605360 | ||
| 040 |
_aFISKH _beng _cFISKH _dFISKH |
||
| 050 | _aSF75.F367 | ||
| 082 | _a636 | ||
| 100 | _aAnonymous | ||
| 245 | _aFarm animals / | ||
| 250 | _aFirst American Edition, 2004 | ||
| 260 |
_aNew York : _bDK Publishing, _c2004 |
||
| 300 |
_a27 unnumbered pages : _billustrations _c23 cm |
||
| 505 | _aF | ||
| 520 | _aMeet all the animals and their babies on the farm! Make reading in English and Spanish your superpower with DK's beautiful, leveled nonfiction. Use your bilingual reading superpowers to learn all about farm animals--a high-quality, fun, nonfiction reader carefully leveled to help children progress. Farm Animals - Los animales de la granja is a beautifully designed reader about farm favorites and their babies. The engaging text has been carefully leveled using Lexile so that children are set up to succeed. A motivating introduction to using essential nonfiction reading skills in Spanish and English. Children will love to find out about farm animals and their babies. | ||
| 521 |
_a300 _bLexile estimate |
||
| 521 |
_aF _bRaz-Plus |
||
| 942 |
_2ddc _cBK _n0 |
||
| 999 |
_c2310 _d2310 |
||